1589 1460 1236 1292 1824 1033 1826 1423 1459 1684 1931 1308 1108 1102 1095 1869 1017 1639 1837 1818 1873 1227 1911 1091 1776 1510 1692 1240 1509 1655 1781 1289 1853 1051 1860 1349 1720 1430 1226 1000 1297 1709 1329 1790 1291 1442 1969 1870 1659 1510 1790 1250 1434 1140 1201 1663 1652 1488 1319 1819 1723 1682 1992 1513 1472 1168 1881 1772 1098 1976 1052 1800 1008 1685 1566 1939 1765 1981 1171 1406 1515 1906 1993 1711 1589 1392 1324 1346 1479 1662 1535 1333 1219 1055 1807 1034 1035 1718 1618 BCNSPRNW ULIB Ver.6.0+V

เปลี่ยนเป็นภาษาไทย

Change to English
 แสดงรายละเอียดบรรณานุกรม
  กลับหน้าหลัก

Brief Record : Get Marc (ISO 2709) : E-mail record : QR code < ปิดหน้าต่าง
LEADER : 00000nam 2200000uu 4500
001    13399128754
003     ULIB
008    240828s2560||||th 000 0 tha d
020    ^a9786164409941
060 04 ^aQX4^bณ311ป
100 0  ^aณัฏฐวุฒิ แก้วพิทูลย์
245 10 ^aปรสิตวิทยาสำหรับพยาบาลและสาธารณสุข /^cณัฏฐวุฒิ แก้วพิทูลย์
250    ^aพิมพ์ครั้งที่ 2 (ฉบับปรับปรุง)
260    ^aนครราชสีมา :^bสมบูรณ์การพิมพ์,^c2560
300    ^a394 หน้า :^bภาพประกอบ ;^c25 ซม.
650  4 ^aปรสิตวิทยา
945    ^p399^l0^i010682
945    ^p399^l0^i010683
945    ^p399^l0^i010684
999    ^aประนอม เกษจรัล
รายการนี้ยังไม่มีแท็ก
คุณยังไม่ได้ล็อกอิน คุณสามารถมีกิจกรรมร่วมกับเว็บไซต์ได้ แต่ต้องล็อกอินก่อน ::
  ล็อกอิน

รายการสื่อสารสนเทศ

ลำดับที่ ประเภท เลขเรียก/บาร์โค้ด สถานที่ สถานะ
1. วิทยาศาสตร์การแพทย์ และสุขภาพ
หนังสือสำรอง
สถานะ=หนังสือสำรอง
QX4 ณ311ป ฉ.1 
  Barcode: 010682
ห้องสมุดวิทยาเขตสวรรค์ประชารักษ์
►หนังสือทั่วไป
บนชั้น
2. วิทยาศาสตร์การแพทย์ และสุขภาพ
วิทยาศาสตร์การแพทย์ และสุขภาพ
QX4 ณ311ป ฉ.2 
  Barcode: 010683
ห้องสมุดวิทยาเขตสวรรค์ประชารักษ์
►หนังสือทั่วไป
บนชั้น
3. วิทยาศาสตร์การแพทย์ และสุขภาพ
วิทยาศาสตร์การแพทย์ และสุขภาพ
QX4 ณ311ป ฉ.3 
  Barcode: 010684
ห้องสมุดวิทยาเขตสวรรค์ประชารักษ์
►หนังสือทั่วไป
บนชั้น

รายการใกล้เคียง
    ผู้แต่ง [ณัฏฐวุฒิ แก้วพิทูลย์]

    หัวเรื่อง [ปรสิตวิทยา]

BibComment


ยังไม่เคยถูกคอมเมนท์

คอมเมนท์ทรัพยากรรายการนี้
  คอมเมนท์: ปรสิตวิทยาสำหรับ..


 Copyright 2026. Bcnsprnw @Library